000 00505nam a22001697a 4500
999 _c17209
_d17209
008 180924b xxu||||| |||| 00| 0 eng d
020 _a0534515436
050 _aQP141
_b.G76 2000 c.1
100 _aGropper, Sareen .
245 _aThe Biochemistry of Human Nutrition
_bA Desk Reference
250 _a2nd ed.
260 _aAustralia
_bWardsworth
_c2000
300 _axxiii, 263p.
650 _aNutrition
_vhandbooks, manuals etc.
650 _aBiochemistry
_vHandbooks, manuals etc
942 _2lcc
_cBK